Deutsche TV Stars der 90er/2000er erraten mit Bildern - Statistiken

Allgemein
  • Dieses Quiz wurde 7.467 mal gespielt
    6.092 seit der letzten Aktualisierung
  • Das Durchschnittsergebnis liegt bei 7 aus 16
Antwortstatistiken
Bildquiz Antwort % Korrekt
Stefan Raab
97%
Dieter Bohlen
96%
Michael "Bully" Herbig
86%
Verona Pooth
59%
Naddel
44%
Barbara Salesch
40%
Ingolf Lück
39%
Vera Int-Veen
38%
Oli P.
37%
Arabella Kiesbauer
35%
Katy Karrenbauer
27%
Enie van de Meiklokjes
23%
Lilo Wanders
17%
Linda de Mol
12%
Franklin
7%
Sigmar Solbach
7%
Keine übereinstimmenden Quizze gefunden
Verteilung der Resultate
Anzahl Personen mit jedem Resultat
Perzentil nach korrekt beantworteten Fragen
Ihre Resultats-Entwicklung
Sie haben dieses Quiz seit der letzten Aktualisierung nicht gespielt